|
|
|
|
| LEADER |
00000nam0a2200000 4500 |
| 001 |
30166 |
| 005 |
20231030203806.0 |
| 010 |
|
|
|a 5765409350
|
| 010 |
|
|
|a 5-224-01457-3
|
| 035 |
|
|
|a (RuTPU)RU\TPU\book\30436
|
| 035 |
|
|
|a BOOK00030512
|
| 090 |
|
|
|a 30166
|
| 100 |
|
|
|a 20011209d2000 k y0rusy50 ca
|
| 101 |
0 |
|
|a rus
|
| 102 |
|
|
|a RU
|
| 105 |
|
|
|a af z 001zy
|
| 200 |
1 |
|
|a Дух Самурая - дух Японии
|f Н. Г. Цед
|
| 210 |
|
|
|a СПб.
|a Москва
|c Нева
|c Олма-Пресс
|d 2000
|
| 215 |
|
|
|a 252 с.
|c ил.
|
| 300 |
|
|
|a Посвящ. отцу.
|
| 320 |
|
|
|a Библиогр.: с. 247-252.
|
| 320 |
|
|
|a Хронология: с. 245-246.
|
| 610 |
1 |
|
|a Япония
|
| 610 |
1 |
|
|a история
|
| 610 |
1 |
|
|a культура
|
| 610 |
1 |
|
|a самураи
|
| 610 |
1 |
|
|a философия
|
| 610 |
1 |
|
|a мировоззрение
|
| 610 |
1 |
|
|a этика
|
| 610 |
1 |
|
|a искусство
|
| 610 |
1 |
|
|a кодекс Бусидо
|
| 686 |
|
|
|a Т3(5Япо)
|v LBC/SL-A
|2 rubbk
|
| 686 |
|
|
|a Ю3(5Я)
|v LBC/SL-A
|2 rubbk
|
| 700 |
|
1 |
|a Цед
|b Н. Г.
|g Николай
|
| 801 |
|
0 |
|a RU
|b 63413507
|c 20011209
|g PSBO
|
| 801 |
|
2 |
|a RU
|b 63413507
|c 20130429
|g PSBO
|
| 942 |
|
|
|c BK
|